Online
Catalog

Tesoros escondidos y perdidos en República Dominicana / (Record no. 25657)

MARC details
000 -CABECERA
campo de control de longitud fija 01138nam a2200217 a 4500
001 - NÚMERO DE CONTROL
campo de control 000026165
005 - FECHA Y HORA DE LA ÚLTIMA TRANSACCIÓN
campo de control 20200930024346.0
008 - DATOS DE LONGITUD FIJA--INFORMACIÓN GENERAL
campo de control de longitud fija 110303s2005 dr abc 000 0 spa d
040 ## - FUENTE DE LA CATALOGACIÓN
Centro catalogador/agencia de origen DO-SdBNP
Lengua de catalogación spa
Centro/agencia transcriptor BNPHU
082 ## - NÚMERO DE LA CLASIFICACIÓN DECIMAL DEWEY
Número de clasificación 917.29602
Número de documento/Ítem K84t
100 1# - ENTRADA PRINCIPAL--NOMBRE DE PERSONA
Nombre de persona Kordas, Lubos
9 (RLIN) 53164
245 10 - MENCIÓN DE TÍTULO
Título Tesoros escondidos y perdidos en República Dominicana /
Mención de responsabilidad, etc. Lubos Kordas.
260 ## - PUBLICACIÓN, DISTRIBUCIÓN, ETC.
Lugar de publicación, distribución, etc. [Santo Domingo] :
Nombre del editor, distribuidor, etc. Impr. Servicios Gráficos Hernández,
Fecha de publicación, distribución, etc. 2005.
300 ## - DESCRIPCIÓN FÍSICA
Extensión 137 p. :
Otras características físicas il., mapas, retrs. ;
Dimensiones 21 cm.
504 ## - NOTA DE BIBLIOGRAFÍA, ETC.
Nota de bibliografía, etc. Bibliografía: p. 135 -136.
505 0# - NOTA DE CONTENIDO CON FORMATO
Título La Española, el lugar de tesoros ocultos y perdidos --
-- El tesoro del capitán William Kidd --
-- Sir Henry Morgan y la Isla Saona --
-- La flota perdida de Francisco Bobadilla --
-- Oro y joyas de Roberto Cofresí --
-- Tesoros perdidos en Montecristi --
-- Misterioso cayo con tesoro de galeones --
-- Submarino alemán con tesoros robados --
-- Epílogo --
-- Sobre el autor.
590 ## - NOTA LOCAL (RLIN)
Nota local Inventariado, 2020/VM
650 #4 - PUNTO DE ACCESO ADICIONAL DE MATERIA--TÉRMINO DE MATERIA
Término de materia o nombre geográfico como elemento de entrada Tesoros ocultos
Subdivisión geográfica República Dominicana
9 (RLIN) 53165
651 #4 - PUNTO DE ACCESO ADICIONAL DE MATERIA--NOMBRE GEOGRÁFICO
Nombre geográfico República Dominicana
Subdivisión general Descubrimiento Y Exploraciones
9 (RLIN) 53166
910 ## - DATOS DE OPCIÓN DEL USUARIO (OCLC)
Datos de opción del usuario Validado. Control de calidad EMS
Holdings
Estado de retiro Estado de pérdida Restricciones de uso No para préstamo Código de colección Localización permanente Ubicación/localización actual Ubicación en estantería Fecha de adquisición Número de inventario Total de préstamos Signatura topográfica completa Código de barras Fecha visto por última vez Número de copia Precio válido a partir de Tipo de ítem Koha Nota pública
        Dominicana de Servicio General General Depósito 01.10.2012 LF1   917.29602 K84t 26165-30 25.06.2020 e. 3 25.06.2020 Libro y Folleto Colección Dominicana de Servicio Dedicado por el autor a la BNPHU.
      Excluido de préstamo Patrimonio Dominicano Patrimonio Dominicano Patrimonio Dominicano Depósito 03.03.2011 LF1   917.29602 K84t 26165-10 25.06.2020   25.06.2020 Libro y Folleto Colección Patrimonio Dominicano Dedicado por el autor a la BNPHU.
      Excluido de préstamo Patrimonio Dominicano Patrimonio Dominicano Patrimonio Dominicano Depósito 03.03.2011 LF1   917.29602 K84t 26165-20 25.06.2020 e. 2 25.06.2020 Libro y Folleto Colección Patrimonio Dominicano Dedicado por el autor a la BNPHU.

Powered by Koha